Guía de educación especial para niños discapacitados (Registro nro. 10199)

Detalles MARC
000 -CABECERA
Longitud fija campo de control 01187nam a2200205 a 4500
003 - • IDENTIFICADOR DELl NÚMERO DE CONTROL
Identificador del número de control CO-ViMGA
008 - • CÓDIGOS DE INFORMACIÓN DE LONGITUD FIJA
Códigos de información de longitud fija 141112s2004 ck r 000 u spa d
020 ## - • NÚMERO INTERNACIONAL NORMALIZADO PARA LIBROS
Número Internacional Normalizado para Libros (ISBN) 0876286147
040 ## - FUENTE DE LA CATALOGACIÓN
Centro catalogador de origen CO-ViMGA
Lengua de catalogación spa
Centro transcriptor CO-ViMGA
082 04 - • NÚMERO DE LA CLASIFICACIÓN DECIMAL DEWEY
Número de clasificación (R) 371.91 P437g
100 1# - • PUNTO DE ACCESO PRINCIPAL-NOMBRE DE PERSONA
Nombre de persona PierÁngelo, Roger; Jacoby, Robert
245 10 - • TITULO PROPIAMENTE DICHO
Título Guía de educación especial para niños discapacitados
300 ## - • DESCRIPCIÓN FÍSICA
Extensión 2 VOL
505 ## - • NOTA DE CONTENIDO CON FORMATO
Nota de contenido con formato Introducción a la educación especial - Historia Desarrollo de los niños Procedimientos de observación para detectar discapacidades Cómo observar a su hijo si sospecha que tiene alguna discapacidad Educación preescolar especial El proceso de la educación especial Programas educativos individuales Servicios relacionados Terapia fisica y ocupacional Discapacidades especificas Sugerencias prácticas para los padres Transición de los estudiantes de educación especial a la vida adulta Apendices : terminología, formatos de educación especial, listas de consulta, pruebas de educación especial
650 14 - • PUNTO DE ACCESO ADICIONAL DE MATERIA - TÉRMINO DE MATERIA
Término de materia o nombre geográfico como elemento inicial educación DE NIÑOS INCAPACITADOS
650 14 - • PUNTO DE ACCESO ADICIONAL DE MATERIA - TÉRMINO DE MATERIA
Término de materia o nombre geográfico como elemento inicial educación ESPECIAL
942 ## - ENTRADA DE ELEMENTOS AGREGADOS (KOHA)
Fuente de clasificaión o esquema Dewey Decimal Classification
Koha [por defecto] tipo de item LIbro
Existencias
Perdido Fuente de clasificación o esquema Estado Físico No para préstamo Forma de adquisición Localización permanente Localización actual Fecha adquisición Serie de enumeración / cronolog&íacute;a Préstamos totales Signatura completa Código de barras Fecha última consulta Número de copia Fecha del precio de reemplazo Tipo de item de Koha
  Dewey Decimal Classification     Sala General Biblioteca Barrio Porfia - Villavicencio Biblioteca Barrio Porfia - Villavicencio 12/04/2015 Tomo. 1 Volumen. 1 | 11/jun/2009   371.91 P437g 14777-3 07/26/2017 Ej. 1 12/04/2015 LIbro
  Dewey Decimal Classification     Sala General Biblioteca Barrio Porfia - Villavicencio Biblioteca Barrio Porfia - Villavicencio 12/04/2015 Tomo. 2 | 06/nov/2013   371.91 P437g 14777-4 07/26/2017 Ej. 1 12/04/2015 LIbro
  Dewey Decimal Classification     Sala General Segundo Piso Biblioteca Pública Germán Arciniegas - Villavicencio Biblioteca Pública Germán Arciniegas - Villavicencio 12/04/2015 Tomo. 2 | 06/nov/2013   371.91 P437g 14777 - 2 12/04/2015 Ej. 1 12/04/2015 LIbro
  Dewey Decimal Classification     Sala General Segundo Piso Biblioteca Pública Germán Arciniegas - Villavicencio Biblioteca Pública Germán Arciniegas - Villavicencio 12/04/2015 Tomo. 1 Volumen. 1 | 11/jun/2009   371.91 P437g 14777 - 1 12/04/2015 Ej. 1 12/04/2015 LIbro









Instituto Departamental de Cultura del Meta - Red Departamental de Bibliotecas Públicas del Meta.